00368nam a2200157Ia 45000010006000000050017000060080041000230410008000640820015000721000041000872450029001282600009001573000028001666500008001946540008002021884220260306171700.0260306s9999||||xx |||||||||||||| ||und|| aESP a658.5bS42 aSuárez Cervera, María LuisaeAUT 0aGestión de inventarios c2012 a180 páginas :c24 cm. aGEN aCAN